Alte tabakdosen (Record no. 7763)

MARC details
000 -CABECERA
campo de control de longitud fija 00679nam a2200229 a 4500
001 - NÚMERO DE CONTROL
campo de control BRCA_8095
005 - FECHA Y HORA DE LA ÚLTIMA TRANSACCIÓN
campo de control 20190320210129.0
008 - DATOS DE LONGITUD FIJA--INFORMACIÓN GENERAL
campo de control de longitud fija 070414s1966----gw-a###f##---#001-0#ger-#
041 ## - CÓDIGO DE LENGUA
Código de lengua del texto/banda sonora o título independiente ger
044 ## - CÓDIGO DEL PAÍS DE LA ENTIDAD EDITORA/PRODUCTORA
Código MARC del país gw
050 #4 - SIGNATURA TOPOGRÁFICA DE LA BIBLIOTECA DEL CONGRESO
Número de clasificación NK9507
Número de documento/Ítem .C789
-- 1966
100 1# - ENTRADA PRINCIPAL--NOMBRE DE PERSONA
Nombre de persona Le Corbeiller, Clare
9 (RLIN) 1311
245 10 - MENCIÓN DE TÍTULO
Título Alte tabakdosen
Resto del título aus Europa und Amerika
Mención de responsabilidad, etc. Clare Le Corbeiller.
260 ## - PUBLICACIÓN, DISTRIBUCIÓN, ETC.
Lugar de publicación, distribución, etc. Munchen
Nombre del editor, distribuidor, etc. Keysersche
Fecha de publicación, distribución, etc. 1966
300 ## - DESCRIPCIÓN FÍSICA
Extensión 400 p.
Otras características físicas il. (algunas a color)
Dimensiones 22 cm.
500 ## - NOTA GENERAL
Nota general Y136
650 14 - PUNTO DE ACCESO ADICIONAL DE MATERIA--TÉRMINO DE MATERIA
Término de materia o nombre geográfico como elemento de entrada Tabaco
Subdivisión de forma Cajas y embalajes
9 (RLIN) 20135
651 #4 - PUNTO DE ACCESO ADICIONAL DE MATERIA--NOMBRE GEOGRÁFICO
Nombre geográfico Europa
Subdivisión de forma Cajas de tabaco
Subdivisión cronológica 1730-1830
9 (RLIN) 20136
651 #4 - PUNTO DE ACCESO ADICIONAL DE MATERIA--NOMBRE GEOGRÁFICO
Nombre geográfico America
Subdivisión de forma Cajas de tabaco
Subdivisión cronológica 1730-1830
9 (RLIN) 20137
902 ## - CATALOGADOR
Iniciales GFM
942 ## - ELEMENTOS DE PUNTO DE ACCESO ADICIONAL (KOHA)
Fuente del sistema de clasificación o colocación Library of Congress Classification
Tipo de ítem Koha Libros
Holdings
Estado de retiro Estado de pérdida Estado dañado No para préstamo Localización permanente Ubicación/localización actual Fecha de adquisición Número de inventario Total de préstamos Signatura topográfica completa Código de barras Fecha visto por última vez Precio válido a partir de Tipo de ítem Koha
El ejemplar forma parte de la colección y puede ser consultado según las políticas vigentes.       Biblioteca del Museo Franz Mayer (Rogerio Casas-Alatriste) Biblioteca del Museo Franz Mayer (Rogerio Casas-Alatriste) 07/04/2014 Y136   NK9507 .C789 1966 (Y136) 8719 22/03/2019 22/03/2019 Libros